Random One-Word Film Titles #3 - Statistics

General Stats
  • This quiz has been taken 17 times
  • The average score is 9 of 15
Answer Stats
Year Director(s) Star(s) Plot Answer % Correct
1979 Ridley Scott Tom Skerritt, Sigourney Weaver, Veronica Cartwright After investigating a mysterious transmission of unknown origin, the crew of a commercial spacecraft encounters a deadly lifeform. Alien
100%
1995 Mel Gibson Mel Gibson, Sophie Marceau, Patrick McGoohan Scottish warrior William Wallace leads his countrymen in a rebellion to free his homeland from the tyranny of King Edward I of England. Braveheart
100%
1995 Martin Scorsese Robert De Niro, Sharon Stone, Joe Pesci In Las Vegas, two best friends--a casino executive and a Mafia enforcer--compete for a gambling empire and a fast-living, fast-loving socialite. Casino
100%
1974 Roman Polanski Jack Nicholson, Faye Dunaway, John Huston A private detective hired to expose an adulterer in 1930s Los Angeles finds himself caught up in a web of deceit, corruption, and murder. Chinatown
100%
2015 Ryan Coogler Michael B. Jordan, Sylvester Stallone, Tessa Thompson The former World Heavyweight Champion Rocky Balboa serves as a trainer and mentor to Adonis Johnson, the son of his late friend and former rival Apollo Creed. Creed
100%
2017 Christopher Nolan Fionn Whitehead, Tom Glynn-Carney, Jack Lowden Allied soldiers from Belgium, the British Commonwealth and Empire, and France are surrounded by the German Army and evacuated during a fierce battle in World War II. Dunkirk
100%
2014 Bennett Miller Steve Carell, Channing Tatum, Mark Ruffalo U.S. Olympic wrestling champions and brothers Mark Schultz and Dave Schultz join a wrestling team, funded by eccentric multi-millionaire John du Pont, as they train for the 1988 Olympic Games in Seoul, South Korea, but John's self-destructive behavior threatens to consume them all. Foxcatcher
100%
2013 Chris Buck, Jennifer Lee Kristen Bell, Irina Mendel, Jonathan Groff Fearless optimist Anna teams up with rugged mountain man Kristoff and his loyal reindeer Sven in an epic journey to find Anna's sister Elsa, whose icy powers have trapped the kingdom of Arendelle in eternal winter. Frozen
100%
1990 Jerry Zucker Patrick Swayze, Demi Moore, Tony Goldwyn After a young man is murdered, his spirit stays behind to warn his lover of impending danger, with the help of a reluctant psychic. Ghost
100%
2013 Alfonso Cuarón Sandra Bullock, George Clooney, Ed Harris Dr Ryan Stone, an engineer on her first space mission, and Matt Kowalski, an astronaut on his final expedition, have to survive in space after they are hit by debris while spacewalking. Gravity
100%
2020 Ric Roman Waugh Gerard Butler, Morena Baccarin, Roger Dale Floyd To save his family from a catastrophic end of times, a man embarks on a risky quest to locate the last hope for salvation and witness the worst of mankind in the battle for survival.To save his family from a catastrophic end of times, a man embarks on a risky quest to locate the last hope for salvation and witness the worst of mankind in the battle for survival. Greenland
100%
2024 Scott Beck, Bryan Woods Hugh Grant, Sophie Thatcher, Chloe East Two young religious women are drawn into a game of cat-and-mouse in the house of a strange man. Heretic
100%
2017 James Mangold Hugh Jackman, Patrick Stewart, Richard E. Grant In a future where mutants are nearly extinct, an elderly and weary mutant leads a quiet life. But when Laura, a mutant child pursued by scientists, comes to him for help, he must get her to safety. Logan
100%
2004 Gavin O'Connor Kurt Russell, Patricia Clarkson, Noah Emmerich The true story of Herb Brooks, the player-turned-coach who led the 1980 U.S. Olympic hockey team to victory over the seemingly invincible Soviet squad. Miracle
100%
1976 Sidney Lumet Faye Dunaway, William Holden, Peter Finch A television network cynically exploits a deranged former anchor's ravings and revelations about mass media for its own profit, but finds that his message may be difficult to control. Network
100%
1946 Alfred Hitchcock Cary Grant, Ingrid Bergman, Claude Rains The daughter of a convicted German spy is asked by American agents to gather information on a ring of German scientists in South America. How far will she have to go to ingratiate herself with them? Notorious
100%
2019 Bong Joon Ho Song Kang-ho, Lee Sun-kyun, Cho Yeo-jeong Greed and class discrimination threaten the newly formed symbiotic relationship between the wealthy Park family and the destitute Kim clan. Parasite
100%
1995 Mike Gabriel, Eric Goldberg Joe Baker, Christian Bale, Irene Bedard An English soldier and the daughter of an Algonquin chief share a romance when English colonists invade seventeenth century Virginia. Pocahontas
100%
1960 Alfred Hitchcock Anthony Perkins, Vera Miles, John Gavin A secretary on the run for embezzlement takes refuge at a secluded California motel owned by a repressed man and his overbearing mother. Psycho
100%
2007 Brad Bird Patton Oswalt, Lou Romano, Ian Holm A rat who can cook makes an unusual alliance with a young kitchen worker at a famous Paris restaurant. Ratatouille
100%
2014 José Padilha Joel Kinnaman, Gary Oldman, Michael Keaton In 2028 Detroit, when Alex Murphy, a loving husband, father and good cop, is critically injured in the line of duty, the multinational conglomerate OmniCorp sees their chance for a part-man, part-robot police officer. RoboCop
100%
2011 Steve McQueen Michael Fassbender, Carey Mulligan, James Badge Dale A nymphomaniac's carefully cultivated private life falls apart after his sister arrives for an indefinite stay. Shame
100%
1987 Mel Brooks Mel Brooks, John Candy, Rick Moranis A star-pilot for hire and his trusty sidekick must come to the rescue of a princess and save Planet Druidia from the clutches of the evil residents of a nearby planet. Spaceballs
100%
2007 Greg Mottola Jonah Hill, Michael Cera, Christopher Mintz-Plasse Two co-dependent high school seniors are forced to deal with separation anxiety after their plan to stage a booze-soaked party goes awry. Superbad
100%
1978 Richard Donner Christopher Reeve, Ned Beatty, Marlon Brando An alien orphan is sent from his dying planet to Earth, where he grows up to become his adoptive home's first and greatest superhero. Superman
100%
1982 Sydney Pollack Dustin Hoffman, Jessica Lange, Teri Garr Michael Dorsey, an unsuccessful actor, disguises himself as a woman in order to get a role on a trashy hospital soap. Tootsie
100%
2007 Michael Bay Shia LaBeouf, Tyrese Gibson, Josh Duhamel An ancient struggle between two Cybertronian races, the heroic Autobots and the evil Decepticons, comes to Earth, with a clue to the ultimate power held by a teenager. Transformers
100%
1988 Ivan Reitman Arnold Schwarzenegger, Danny DeVito, Kelly Preston A physically perfect but innocent man goes in search of his long-lost twin brother, who turns out to be a short, womanizing, small-time crook. Twins
100%
2022 Ti West Mia Goth, Jenna Ortega, Martin Henderson In 1979, a group of young filmmakers set out to make an adult film in a rural Texas farm, but when their reclusive, elderly hosts catch them in the act, the crew find themselves fighting for their lives. X
100%
2007 David Fincher Jake Gyllenhaal, Mark Ruffalo, Robert Downey Jr. Between 1968 and 1983, a San Francisco cartoonist becomes an amateur detective obsessed with tracking down an infamous serial killer, an unidentified individual who terrorizes Northern California with a killing spree. Zodiac
100%
1996 Jan de Bont Helen Hunt, Bill Paxton, Jami Gertz Two storm chasers on the brink of divorce must work together to create an advanced weather alert system by putting themselves in the cross-hairs of extremely violent tornadoes. Twister
80%
2019 Ari Aster Florence Pugh, Jack Reynor, William Jackson Harper A couple travels to Northern Europe to visit a rural hometown's fabled Swedish mid-summer festival. What begins as an idyllic retreat quickly devolves into an increasingly violent and bizarre competition at the hands of a pagan cult. Midsommar
75%
1985 Peter Weir Harrison Ford, Kelly McGillis, Josef Sommer While protecting an Amish boy - the sole witness to a brutal murder - and his mother, a Philadelphia police detective is forced to seek refuge within their rural community when his own life is threatened. Witness
75%
2023 Greta Gerwig Margot Robbie, Ryan Gosling, America Ferrera A pair of fashion dolls are having the time of their lives in their seemingly perfect world. However, when they get a chance to go to the outside world, they soon discover the joys and perils of living among regular humans. Barbie
67%
1997 Robert Zemeckis Jodie Foster, Matthew McConaughey, James Woods Dr. Ellie Arroway, after years of searching, finds conclusive radio proof of extraterrestrial intelligence, sending plans for a mysterious machine. Contact
67%
1972 John Boorman Jon Voight, Burt Reynolds, Ned Beatty Intent on seeing the Cahulawassee River before it's dammed and turned into a lake, outdoor fanatic Lewis Medlock takes his friends on a canoeing trip they'll never forget into the dangerous American back-country. Deliverance
67%
1941 Ben Sharpsteen, Norman Ferguson, Wilfred Jackson et al. Edward Brophy, Verna Felton, Sterling Holloway Ridiculed because of his enormous ears, a young circus elephant is assisted by a mouse to achieve his full potential. Dumbo
67%
1996 Danny DeVito Danny DeVito, Rhea Perlman, Embeth Davidtz A girl gifted with a keen intellect and psychic powers uses both to get even with her callous family and free her kindly schoolteacher from the tyrannical grip of a sadistic headmistress. Matilda
67%
2012 Jeff Nichols Matthew McConaughey, Tye Sheridan, Sam Shepard On a Mississippi River island, two young boys encounter a stranger who tells wild tales about bounty hunters and a beautiful woman. Mud
67%
1996 Wes Craven David Arquette, Neve Campbell, Courteney Cox In the small town of Woodsboro, California, a masked killer known as Ghostface begins murdering high school students, and a group of friends must use their knowledge of horror movies to unmask the killer. Scream
67%
2024 Lee Isaac Chung Daisy Edgar-Jones, Glen Powell, Anthony Ramos Kate Carter, a retired tornado-chaser and meteorologist, is persuaded to return to Oklahoma to work with a new team and new technologies. Twisters
67%
2019 Kasi Lemmons Cynthia Erivo, Leslie Odom Jr., Janelle Monáe The extraordinary tale of Ms.Tubman's escape from slavery and transformation into one of America's greatest heroines, whose courage, ingenuity and tenacity freed hundreds of slaves and changed the course of history. Harriet
60%
2000 Guy Ritchie Benicio del Toro, Dennis Farina, Vinnie Jones Unscrupulous boxing promoters, violent bookmakers, a Russian gangster, incompetent amateur robbers and supposedly Jewish jewelers fight to track down a priceless stolen diamond. Snatch
60%
2015 Denis Villeneuve Emily Blunt, Benicio del Toro, Josh Brolin An idealistic FBI agent is enlisted by a government task force to aid in the escalating war against drugs at the border area between the U.S. and Mexico. Sicario
57%
1970 George Seaton Burt Lancaster, Dean Martin, Jean Seberg A bomber on board an airplane, an airport almost closed by snow, and various personal problems of the people involved. Airport
50%
2014 John R. Leonetti Annabelle Wallis, Ward Horton, Alfre Woodard A couple begins to experience terrifying supernatural occurrences involving a vintage doll shortly after their home is invaded by satanic cultists. Annabelle
50%
2016 Denis Villeneuve Amy Adams, Jeremy Renner, Forest Whitaker Linguist Louise Banks leads a team of investigators when gigantic spaceships touch down around the world. As nations teeter on the verge of global war, Banks and her crew must find a way to communicate with the extraterrestrial visitors. Arrival
50%
2007 Joe Wright James McAvoy, Keira Knightley, Saoirse Ronan Thirteen-year-old fledgling writer Briony Tallis irrevocably changes the course of several lives when she accuses her older sister's lover of a crime he did not commit. Atonement
50%
2008 Chris Williams, Byron Howard John Travolta, Miley Cyrus, Susie Essman The canine star of a fictional sci-fi/action show that believes his powers are real embarks on a cross country trek to save his co-star from a threat he believes is just as real. Bolt
50%
2006 Frank Coraci Adam Sandler, Jack Giarraputo, Neal H. Moritz A workaholic architect finds a universal remote that allows him to fast-forward and rewind to different parts of his life. Complications arise when the remote starts to overrule his choices. Click
50%
2024 Edward Berger Ralph Fiennes, Stanley Tucci, John Lithgow When Cardinal Lawrence is tasked with leading the selection of a new Pope, he finds himself in a web of conspiracy and intrigue that could shake the very foundations of the Catholic Church. Conclave
50%
1994 Barry Levinson Michael Douglas, Demi Moore, Donald Sutherland A computer specialist is sued for sexual harassment by a former lover turned boss who initiated the act forcefully, which threatens both his career and his personal life. Disclosure
50%
2005 Andrzej Bartkowiak Dwayne Johnson, Karl Urban, Rosamund Pike Space Marines are sent to investigate strange events at a research facility on Mars but find themselves at the mercy of genetically enhanced killing machines. Doom
50%
2024 Osgood Perkins Maika Monroe, Blair Underwood, Alicia Witt In pursuit of a serial killer, an FBI agent uncovers a series of occult clues that she must solve to end his terrifying killing spree. Longlegs
50%
2009 Debbie Isitt Martin Freeman, Marc Wootton, Ashley Jensen An uptight but secretly heartbroken primary school teacher's little white lie about Hollywood coming to see his class' nativity play grows like wildfire in his rag-tag school low on self-esteem. Nativity!
50%
1995 Sydney Pollack Harrison Ford, Julia Ormond, Greg Kinnear An ugly duckling having undergone a remarkable change, still harbors feelings for her crush: a carefree playboy, but not before his business-focused brother has something to say about it. Sabrina
50%
2023 Emerald Fennell Barry Keoghan, Jacob Elordi, Rosamund Pike A student at Oxford University finds himself drawn into the world of a charming and aristocratic classmate, who invites him to his eccentric family's sprawling estate for a summer never to be forgotten. Saltburn
50%
1983 John Badham Matthew Broderick, Dabney Coleman, John Wood A young man finds a back door into a military central computer in which reality is confused with game-playing, possibly starting World War III. WarGames
50%
2014 Damien Chazelle Miles Teller, J. K. Simmons, Paul Reiser A promising young drummer enrolls at a cut-throat music conservatory where his dreams of greatness are mentored by an instructor who will stop at nothing to realize a student's potential. Whiplash
50%
1980 Harold Ramis Chevy Chase, Rodney Dangerfield, Ted Knight An exclusive golf course has to deal with a flatulent new member and a destructive dancing gopher. Caddyshack
40%
2024 Andrew DeYoung Tim Robinson, Kate Mara, Jack Dylan Grazer A suburban dad falls hard for his charismatic new neighbor. Friendship
40%
2016 Denzel Washington Denzel Washington, Viola Davis, Stephen McKinley Henderson A working-class African-American father tries to raise his family in 1950s Pittsburgh, while coming to terms with the events of his life. Fences
33%
2012 Robert Zemeckis Denzel Washington, Don Cheadle, Kelly Reilly Troubling questions arise after airline pilot Whip Whitaker makes a miracle landing after a mid-air catastrophe. Flight
33%
1971 Gordon Parks Richard Roundtree, Moses Gunn, Charles Cioffi A crime lord hires black private eye to find and retrieve his kidnapped daughter. Shaft
33%
1992 Clint Eastwood Clint Eastwood, Gene Hackman, Morgan Freeman Retired Old West gunslinger Will Munny reluctantly takes on one last job to avenge an injustice with the help of his old partner and a young would-be gunman calling himself "The Schofield Kid". Unforgiven
33%
2008 Bryan Singer Tom Cruise, Kenneth Branagh, Bill Nighy A dramatization of the July 20, 1944 assassination and political coup plot by desperate renegade German Army officers against Adolf Hitler during World War II. Valkyrie
33%
2022 Zach Cregger Georgina Campbell, Bill Skarsgård, Justin Long A woman staying at an Airbnb discovers that the house she has rented is not what it seems. Barbarian
25%
2024 Timo Vuorensola Tom Felton, Liza Bugulova, Richard Brake In an alternate present, genetically enhanced humans dominate society. Outcasts Leon and Chloe fight for justice against corrupt politicians exploiting genetic disparity, risking everything to challenge the oppressive system. Altered
0%
2025 Ronan Day-Lewis Daniel Day-Lewis, Sean Bean, Samantha Morton In Northern England, a man heads out on a journey into the woods to reconnect with the estranged hermit brother with whom he shared a complicated past that was altered by life-changing events decades ago. Anemone
0%
2006 Mel Gibson Rudy Youngblood, Raoul Trujillo, Mayra Sérbulo As the Mayan kingdom faces its decline, a young man is taken on a perilous journey to a world ruled by fear and oppression. Apocalypto
0%
2024 Halina Reijn Nicole Kidman, Harris Dickinson, Sophie Wilde A high-powered CEO puts her career and family on the line when she begins a torrid affair with her much-younger intern. Babygirl
0%
1988 Roger Donaldson Tom Cruise, Bryan Brown, Elisabeth Shue A talented New York City bartender takes a job at a bar in Jamaica and falls in love. Cocktail
0%
2025 Christopher Landon Meghann Fahy, Brandon Sklenar, Violett Beane A widowed mother's first date in years takes a terrifying turn when she's bombarded with anonymous threatening messages on her phone during their upscale dinner, leaving her questioning if her charming date is behind the harassment. Drop
0%
2013 Neill Blomkamp Matt Damon, Jodie Foster, Sharlto Copley In the year 2154, the very wealthy live on a man-made space station while the rest of the population resides on a ruined Earth. A man takes on a mission that could bring equality to the polarized worlds. Elysium
0%
2020 Autumn de Wilde Anya Taylor-Joy, Johnny Flynn, Josh O'Connor In 1800s England, a well-meaning but selfish young woman meddles in her friends' love lives. Emma
0%
2019 M. Night Shyamalan James McAvoy, Bruce Willis, Anya Taylor-Joy Security guard David Dunn uses his supernatural abilities to track Kevin Wendell Crumb, a disturbed man who has twenty-four personalities. Glass
0%
1978 John Carpenter Donald Pleasence, Jamie Lee Curtis, P. J. Soles Fifteen years after murdering his sister in 1963, Michael Myers escapes from a mental hospital and returns to the small town of Haddonfield, Illinois, to kill again. Halloween
0%
2025 Justin Tipping Marlon Wayans, Tyriq Withers, Julia Fox A young athlete descends into a world of terror when he's invited to train with a legendary champion whose charisma curdles into something darker. Him
0%
2020 John Whitesell Emma Roberts, Luke Bracey, Jake Manley Fed up with being single on holidays, two strangers agree to be each other's platonic plus-ones all year long, only to catch real feelings along the way. Holidate
0%
1991 Steven Spielberg Dustin Hoffman, Robin Williams, Julia Roberts When a ship’s captain kidnaps his children, an adult Peter Pan must return to Neverland and reclaim his youthful spirit in order to challenge his old enemy. Hook
0%
2006 Mike Judge Luke Wilson, Maya Rudolph, Dax Shepard Corporal Joe Bauers, a decidedly average American, is selected for a top-secret hibernation program but is forgotten and left to awaken to a future so incredibly moronic that he's easily the most intelligent person alive. Idiocracy
0%
2011 Tarsem Singh Dhandwar Henry Cavill, Stephen Dorff, Luke Evans Theseus is a mortal man chosen by Zeus to lead the fight against the ruthless King Hyperion, who is on a rampage across Greece to obtain a weapon that can destroy humanity. Immortals
0%
2019 Todd Phillips Joaquin Phoenix, Robert Di Nero, Zazie Beetz Arthur Fleck, a party clown and a failed stand-up comedian, leads an impoverished life with his ailing mother. However, when society shuns him and brands him as a freak, he decides to embrace the life of chaos in Gotham City. Joker
0%
2020 Peter Chan Gong Li, Huang Bo, Wu Gang After 12 years, the Chinese women's volleyball team again reached the Olympic final in 2016. They were now coached by Lang Ping, a stalwart of the 1980s Chinese women's team, who won consecutive World Championships from 1981 to 1985. Leap
0%
1964 Alfred Hitchcock Tippi Hedren, Sean Connery, Diane Baker Mark gets married even though he knows his new wife is a habitual thief and has serious psychological problems, and tries to help her confront and resolve them. Marnie
0%
2016 Barry Jenkins Trevante Rhodes, André Holland, Janelle Monáe A young African-American man grapples with his identity and sexuality while experiencing the everyday struggles of childhood, adolescence, and burgeoning adulthood. Moonlight
0%
2021 Ilya Naishuller Bob Odenkirk, Connie Nielsen, Aleksei Serebryakov A docile family man slowly reveals his true character after his house gets burgled by two petty thieves, which, coincidentally, leads him into a bloody war with a Russian crime boss. Nobody
0%
2019 Marc Lawrence Anna Kendrick, Bill Hader, Kingsley Ben-Adir Santa's daughter must take over the family business when her father retires and her brother, who is supposed to inherit the Santa role, gets cold feet. Noelle
0%
2025 Dan Berk, Robert Olsen Jack Quaid, Amber Midthunder, Ray Nicholson When the girl of his dreams is kidnapped, a man incapable of feeling physical pain turns his rare condition into an unexpected advantage in the fight to rescue her. Novocaine
0%
1970 Franklin J. Schaffner George C. Scott, Karl Malden, Stephen Young The World War II phase of the career of a controversial American general. Patton
0%
1996 Jon Turteltaub John Travolta, Kyra Sedgwick, Forest Whitaker A small-town Everyman becomes a telekinetic genius. Phenomenon
0%
2023 Sofia Coppola Cailee Spaeny, Jacob Elordi, Dagmara Domińczyk When teenage Ms. Beaulieu meets Elvis Presley, the man who is already a meteoric rock-and-roll superstar becomes someone entirely unexpected in private moments: a thrilling crush, an ally in loneliness, a vulnerable best friend. Priscilla
0%
2018 Alfonso Cuarón Yalitza Aparicio, Marina de Tavira, Jorge Antonio A year in the life of an upper-middle-class family's maid in Mexico City in the early 1970s. Roma
0%
2004 Alexander Payne Paul Giamatti, Thomas Haden Church, Virginia Madsen Two men reaching middle age with not much to show but disappointment embark on a week-long road trip through California's wine country, just as one is about to take a trip down the aisle. Sideways
0%
2022 Jalmari Helander Jorma Tommila, Aksel Hennie, Jack Doolan When an ex-soldier who discovers gold in the Lapland wilderness tries to take the loot into the city, German soldiers led by a brutal SS officer battle him. Sisu
0%
2024 Vicky Jenson Rachel Zegler, John Lithgow, Jenifer Lewis Ellian is a tenacious princess who must go on a daring quest to save her family and kingdom after a mysterious spell transforms her parents, the King and Queen of Lumbria, into monsters. Spellbound
0%
2025 Tim Mielants Cillian Murphy, Tracey Ullman, Jay Lycurgo Follows a headteacher battling for his reform college's survival while managing his mental health. Concurrently, troubled student Shy navigates his violent tendencies and fragility, torn between his past and future prospects. Steve
0%
2025 Jake Schreier Florence Pugh, Sebastian Stan, Wyatt Russell After finding themselves ensnared in a death trap, an unconventional team of antiheroes must go on a dangerous mission that will force them to confront the darkest corners of their pasts. Thunderbolts*
0%
2025 Michael Shanks Dave Franco, Alison Brie Years into their relationship, Tim and Millie find themselves at a crossroads as they move to the country. With tensions already flaring, an encounter with an unnatural force threatens to corrupt their lives, their love and their flesh. Together
0%
2015 Judd Apatow Amy Schumer, Bill Hader, Brie Larson A commitment-phobic career woman who has always thought that monogamy was impossible must face her fears when she meets a good guy. Trainwreck
0%
No matching quizzes found
Score Distribution
Percent of People with Each Score
Percentile by Number Answered
Your Score History
You have not taken this quiz